| 000 | 01821nab a2200265 a 4500 | ||
|---|---|---|---|
| 005 | 20250319174811.0 | ||
| 008 | 991125c2016 sp tr p o 000 0 spa d | ||
| 035 | _aUPN01000215881 | ||
| 040 |
_aUPN _bspa _cUPN _eaacr2 |
||
| 049 | _aART-E | ||
| 100 | 1 |
_aCapdevila Brophy, Connie _6- draconniecapdevila@copc.cat |
|
| 245 | 1 | 3 | _aLa coordinación de coparentalidad. Una intervención especializada para familias en situación de alta conflictividad crónica post-ruptura de pareja |
| 506 | 0 | _aAcceso abierto | |
| 520 | 3 | _aEn los últimos 25 años, la coordinación de parentalidad ha evolucionado para instaurarse como una intervención útil para familias en situación de alta conflictividad post-ruptura de pareja en EE. UU. y Canadá. Este artículo quiere ofrecer una introducción práctica de la coordinación de parentalidad. Tras revisar los conceptos de alta conflictividad, coparentalidad y plan de parentalidad, se centra en la práctica de la coordinación de parentalidad siguiendo las cuatro fases: inicial, de implementación, mantenimiento y final. Desinvolucrar a los progenitores es un objetivo central y se describen algunas estrategias y herramientas únicas en coordinación de parentalidad para llevarlo a cabo. Finalmente, se presentan algunas consideraciones éticas en el ejercicio de la coordinación de parentalidad señalando 10 errores comunes a evitar. | |
| 650 | 2 |
_aParentalidad _925035 |
|
| 650 | 2 |
_aConflicto familiar _911591 |
|
| 650 | 2 |
_aSeparación conyugal _99119 |
|
| 650 | 2 |
_aDivorcio _914831 |
|
| 653 | 0 | _aAlta conflictividad | |
| 773 |
_gVol. 46, no. 1 (2016), p. 41-49 _tAnuario de psicología _x0066-5126 |
||
| 856 | 4 | _uhttps://revistes.ub.edu/index.php/Anuario-psicologia/article/view/17422 | |
| 902 | _aGloria Jiménez/1124 | ||
| 905 | _aArticulo | ||
| 942 | _cART-E | ||
| 999 |
_c187981 _d187981 |
||